LEADER 01058nam0 22002651i 450 001 RML0280955 005 20231121125730.0 100 $a20121121d1970 ||||0itac50 ba 101 | $aeng 102 $aat 181 1$6z01$ai $bxxxe 182 1$6z01$an 200 1 $aVariational principles in thermo- and magneto-elasticity$ecourse held at the department of mechanics of deformable bodies October 1970, Udine 1970$fHenz Parkus 210 $aWien $cSpringer-Verlag $d1970 215 $a47 p.$d24 cm 300 $aIn testa al front.: International centre for mechanical sciences 700 1$aParkus$b, Heinz$3RMLV180874$029367 801 3$aIT$bIT-01$c20121121 850 $aIT-FR0099 899 $aBiblioteca Area Ingegneristica$bFR0099 912 $aRML0280955 950 0$aBiblioteca Area Ingegneristica$d 54DII$e 54VM 0000506885 VM barcode:ING2252D. - Inventario:2252DVM$fA $h20041125$i20121204 977 $a 54 996 $aVariational Principles in Thermo and Magneto Elasticity$9356806 997 $aUNICAS